Léon Walras : fondateur de la politique économique scientifique /

Bibliographic Details
Main Author: Boson, Marcel
Format: Book
Language:French
Published: Paris : Librairie générale de droit et de jurisprudence, 1951.
Subjects:

MARC

Tag First Indicator Second Indicator Subfields
LEADER 00000cam a2200000I 4500
001 in00001734607
005 20151024214405.0
008 821019s1951 fr b 000 0 fre
010 |a  51005677  
035 |a (OCoLC)ocm08871867 
040 |a DLC  |c WVU  |d WVU  |d OCLCQ  |d UtOrBLW 
049 |a TXAM  |c [225779] 
090 |a HB105.W3  |b B6 
100 1 |a Boson, Marcel. 
245 1 0 |a Léon Walras :  |b fondateur de la politique économique scientifique /  |c Préf. de Firmin Oulès. 
264 1 |a Paris :  |b Librairie générale de droit et de jurisprudence,  |c 1951. 
300 |a xi, 381 pages ;  |c 24 cm. 
336 |a text  |b txt  |2 rdacontent 
337 |a unmediated  |b n  |2 rdamedia 
338 |a volume  |b nc  |2 rdacarrier 
504 |a Includes bibliographical references. 
600 1 0 |a Walras, Léon,  |d 1834-1910. 
994 |a E0  |b TXA 
999 |a MARS 
999 f f |s 0034730c-560a-34c1-ac24-3e6e51c311a6  |i 56df1d96-24e6-33ea-a46b-5617e668d2e0  |t 0 
952 f f |p ric  |a Texas A&M University  |b Rellis Campus  |c Joint Library Facility  |d Remote Storage  |t 0  |e HB105.W3 B6  |h Library of Congress classification  |i unmediated -- volume  |m A14829468183 
998 f f |a HB105.W3 B6  |t 0  |l Remote Storage